| 000 | 02141nam a22002417a 4500 | ||
|---|---|---|---|
| 999 |
_c58002 _d58002 |
||
| 003 | Ge_BSU | ||
| 005 | 20210420134539.0 | ||
| 008 | 210420s2019 ||||| |||| 00| 0 geo d | ||
| 020 | _a19875916 | ||
| 041 | _ageo | ||
| 080 | _a378.4(479.223)(063)+94+81/82+1+2 | ||
| 245 |
_aჩვენი სულიერების ბალავარი : _bსაერთაშორისო სამეცნიერო კონფერენციის მასალები ბათუმი 8-9 ნოემბერი :XI :კრებული / _cმთ. რედ. ბიჭიკო დიასამიძე, პს.რედ.ოლეგ ჯიბაშვილი [ და სხვ ]. |
||
| 264 |
_aბათუმი: _bშოთა რუსთაველის სახელმწიფო უნივერსიტეტი, _c2019. |
||
| 300 |
_a458 გვ.: _c20სმ. |
||
| 500 | _aსაერთაშორისო სამეცნიერო კონფერენცია ,,ჩვენი სულიერების ბალავარი,-მიეძღვნა წმიდა დიაკონ სევერიანეს-აჭარელ აღმსარებელს. | ||
| 653 | _aკრებული XI : ჩვენი სულიერების ბალავარი | საერთაშორისო სამეცნიერო კონფერენციის მასალები | ||
| 700 |
_aდიასმიძე,ბიჭიკო _eმთავარი რედაქტორი _911451 |
||
| 700 |
_aჯიბაშვილი,ოლეგ _eპასუხისმგებელი რედაქტორი _911452 |
||
| 710 |
_aბათუმის შოთა რუსთაველის სახელმწიფო უნივერსიტეტი _911453 |
||
| 710 | _4ქრისტიანული კულტურის კვლევის ცენტრი | ||
| 710 |
_aნიკო ბერძეიშვილის ინსტიტუტი _911454 |
||
| 942 |
_2udc _cBK |
||